[Event "40th Olympiad Open"]
[Site "Istanbul TUR"]
[Date "2012.09.09"]
[Round "11.6"]
[White "Dzhumaev, Marat"]
[Black "Nguyen, Van Huy"]
[Result "1/2-1/2"]
[WhiteTitle "GM"]
[BlackTitle "IM"]
[WhiteElo "2499"]
[BlackElo "2506"]
[WhiteTeam "Uzbekistan"]
[BlackTeam "Vietnam"]
[WhiteFideId "14200236"]
[BlackFideId "12401064"]
[EventDate "2012.08.28"]

1. e4 c5 2. Nf3 Nc6 3. Bb5 g6 4. O-O Bg7 5. c3 Nf6 6. Re1 O-O 7. h3 Qb6 8. Bf1
e5 9. Na3 d5 10. d3 d4 11. cxd4 cxd4 12. b4 a6 13. Rb1 Be6 14. Ng5 Bxa2 15. Rb2
h6 16. Rxa2 hxg5 17. Rb2 Nh7 18. b5 axb5 19. Rxb5 Qa6 20. Qb3 Rfb8 21. Nc4 Qa2
22. Nb6 Qxb3 23. Rxb3 Ra2 24. Re2 Ra1 25. Rc2 Rd8 26. g3 Bf8 27. Nd5 Rd7 28. Kg2
Kg7 29. Be2 Nd8 30. f4 gxf4 31. gxf4 exf4 32. Bxf4 Ne6 33. Be5+ Kh6 34. Rb5 Bg7
35. Bg3 Nf6 36. Nf4 Nxf4+ 37. Bxf4+ Kh7 38. Rcb2 Kg8 39. Rxb7 Rxb7 40. Rxb7 Ra2
41. Kf3 Nh5 42. Bd6 Ra1 43. e5 Bh6 44. Rb8+ Kh7 45. Rb7 Kg8 46. Rb8+ Kh7 47. Rb7
Kg8 48. Ke4 1/2-1/2

[Event "40th Olympiad Open"]
[Site "Istanbul TUR"]
[Date "2012.09.09"]
[Round "11.12"]
[White "Sanikidze, Tornike"]
[Black "Rasmussen, Allan Stig"]
[Result "0-1"]
[WhiteTitle "GM"]
[BlackTitle "GM"]
[WhiteElo "2585"]
[BlackElo "2496"]
[WhiteTeam "Georgia"]
[BlackTeam "Denmark"]
[WhiteFideId "13602608"]
[BlackFideId "1406000"]
[EventDate "2012.08.28"]

1. d4 d5 2. c4 dxc4 3. e4 Nf6 4. e5 Nd5 5. Bxc4 Nb6 6. Bd3 Nc6 7. Ne2 Bg4 8. f3
Be6 9. Nbc3 Qd7 10. Ne4 Bd5 11. Nc5 Qc8 12. a3 e6 13. Qc2 Bxc5 14. Qxc5 Qd7 15.
O-O a6 16. Bg5 Nc4 17. Bxc4 b6 18. Bxd5 bxc5 19. Be4 Nxd4 20. Bxa8 Nxe2+ 21. Kh1
c6 22. Rfd1 Nd4 23. Rac1 Qa7 24. Rxd4 cxd4 25. Bxc6+ Kf8 26. f4 Qb8 27. b4 f6
28. Bh4 Kf7 29. Be4 Rc8 30. Rd1 fxe5 31. fxe5 Qxe5 32. Re1 Qf4 33. g3 Qf2 34.
Rg1 Qe3 35. Bb7 Rc1 36. Re1 Rc6 0-1

[Event "40th Olympiad Open"]
[Site "Istanbul TUR"]
[Date "2012.09.09"]
[Round "11.12"]
[White "Glud, Jakob Vang"]
[Black "Shanava, Konstantine"]
[Result "1/2-1/2"]
[WhiteTitle "IM"]
[BlackTitle "GM"]
[WhiteElo "2498"]
[BlackElo "2569"]
[WhiteTeam "Denmark"]
[BlackTeam "Georgia"]
[WhiteFideId "1407767"]
[BlackFideId "13601784"]
[EventDate "2012.08.28"]

1. Nf3 d6 2. d4 Bg4 3. e3 g6 4. Be2 Bg7 5. h3 Bf5 6. c4 Nf6 7. Nc3 O-O 8. O-O
Nc6 9. d5 Nb4 10. Nd4 Bd7 11. a3 Na6 12. Bf3 Qc8 13. b4 c5 14. dxc6 bxc6 15. Nb3
Ng4 16. hxg4 Bxc3 17. Ra2 Rb8 18. Bb2 Bxb2 19. Rxb2 Nc7 20. Na5 Ne6 21. Be2 Nd8
22. Qd4 Qc7 23. Qe4 Ne6 24. Rfb1 f5 25. gxf5 gxf5 26. Qh4 Rf7 27. Nb3 Rg7 28.
Nd4 Ng5 29. c5 e5 30. Nf3 Qd8 31. Nxg5 Rxg5 32. Qh2 Qf6 33. cxd6 Kh8 34. f4 Rg6
35. fxe5 Qg5 36. Bf1 Qxe3+ 37. Rf2 Re8 38. Rd1 Qxe5 39. Re2 Qxh2+ 40. Kxh2 Ree6
41. Rxe6 Rxe6 42. a4 Re8 43. b5 Kg7 44. bxc6 Bxc6 45. Rc1 Bxa4 46. Ra1 Bb3 47.
Rxa7+ Kf6 48. Rxh7 Rd8 49. Rb7 Be6 50. Rb6 Ke5 1/2-1/2

[Event "40th Olympiad Open"]
[Site "Istanbul TUR"]
[Date "2012.09.09"]
[Round "11.21"]
[White "Miezis, Normunds"]
[Black "Vera Siguenas, Deivy"]
[Result "1/2-1/2"]
[WhiteTitle "GM"]
[BlackTitle "FM"]
[WhiteElo "2580"]
[BlackElo "2359"]
[WhiteTeam "Latvia"]
[BlackTeam "Peru"]
[WhiteFideId "11600136"]
[BlackFideId "3804623"]
[EventDate "2012.08.28"]

1. c4 Nf6 2. Nc3 g6 3. g3 Bg7 4. Bg2 O-O 5. e4 d6 6. Nge2 c5 7. O-O Nc6 8. a3
Nd7 9. Rb1 a5 10. d3 Re8 11. Nb5 Nf8 12. Be3 Ne6 13. Qd2 Ncd4 14. Nbxd4 Nxd4 15.
Nxd4 cxd4 16. Bh6 a4 17. Bxg7 Kxg7 18. f4 Ra5 19. Qf2 Qb6 20. Rbe1 Be6 21. f5
gxf5 22. Bh3 f6 23. exf5 Bf7 24. Re4 Re5 25. Rxd4 Kh8 26. Rf4 Qxf2+ 27. Kxf2 Rc5
28. Re1 Kg8 29. Bf1 Kf8 30. d4 Rc6 31. d5 Rb6 32. Re2 Rc8 33. Rh4 Kg8 34. Rd2
Rc7 35. Be2 Ra6 36. Rhd4 Ra5 37. g4 Be8 38. h4 Rcc5 39. g5 fxg5 40. hxg5 b5 41.
Kg3 bxc4 42. Bxc4 Bb5 43. Bxb5 Rcxb5 44. Kf4 Rc5 45. Kg4 Rc1 46. Rd1 Rc2 47.
R4d2 Rc4+ 48. Kf3 Rb5 49. Re1 Kf8 50. g6 hxg6 51. fxg6 Rb3+ 52. Re3 Rxe3+ 53.
Kxe3 Kg7 54. Rg2 Rc5 55. Kd4 Rb5 56. Kc4 Rb3 57. Kd4 Rb5 58. Ke4 Rb3 59. Kd4 Rb5
60. Ke4 1/2-1/2